The Crane Wives - All Songs - Statistics

General Stats
  • This quiz has been taken 145 times
  • The average score is 57 of 92
Answer Stats
Hint Answer % Correct
Tongues & Teeth
91%
Tongues & Teeth (Live)
91%
Safe Ship, Harboured
84%
Black Hole Fantasy
81%
Curses
81%
Curses (Live)
81%
Never Love an Anchor
81%
Beyond Beyond Beyond Scars
81%
The Moon Will Sing
79%
Live From Dogtown Studio Nobody
77%
Nobody (Live)
77%
The Hand That Feeds
77%
The Hand That Feeds (Live)
77%
Arcturus Beaming
74%
Bitter Medicine
74%
The Fool In Her Wedding Gown Icarus
74%
Metaphor
72%
Metaphor (Live)
72%
October
72%
October (Live)
72%
The Garden
72%
The Wolf
72%
The Wolf (Live)
72%
Mad Dog
70%
Take Me To War - Live
70%
Predator
67%
Pretty Little Things
67%
Queen of Nothing
67%
Queen of Nothing (Live)
67%
Sleeping Giants
67%
The Diving Bell
67%
The Glacier House
67%
Allies or Enemies
65%
Allies or Enemies (Live)
65%
Canary in a Coal Mine
65%
Shallow River
65%
Steady, Steady
65%
The Well
65%
Time Will Change You
65%
Little Soldiers
63%
New Colors
63%
Red Clay
63%
Ribs
63%
Volta - Live
63%
Volta (Live)
63%
Down the River
60%
Down the River (Live)
60%
Hollow Moon (Live)
60%
Hollow Moon (Single Version)
60%
I Ain't Done
60%
Not the Ghost
60%
River Rushing
60%
Can't Go Back
58%
Strangler Fig
58%
Counting Sheep
56%
Easier
56%
Here I Am
56%
Here I Am (Live)
56%
Hole in the Silver Lining
56%
How to Rest
56%
Naked, the Night Falls
56%
Rockslide
56%
Unraveling
56%
Ancient History
53%
Caleb Trask
53%
Higher Ground
53%
New Discovery
53%
Show Your Fangs
53%
Sowing Seeds
53%
Sowing Seeds (Live)
53%
Safe Ship, Harboured Can't Have It All
51%
Hard Sell
51%
Singles High Horse - Live
51%
High Horse (Live)
51%
Foxlore Nothing at All
51%
Nothing At All (Live)
51%
Of Everlong
51%
Once & for All
51%
Say It
51%
The Crooked, the Cradle
51%
Turn out the Lights
51%
Empty Page - Live
49%
Empty Page (Live)
49%
I Talk in My Sleep
49%
Know How
49%
Daydreamer - Live
47%
Here I Am: Live From The Listening Room Daydreamer (Live)
47%
Taking Turns (Live)
47%
Back to the Ground
44%
Coyote Stories Keep You Safe
42%
Drown You Out (Live)
40%
Collabs Wake Up - Mark Lavengood
23%
No matching quizzes found
Score Distribution
Percent of People with Each Score
Percentile by Number Answered
Your Score History
You have not taken this quiz